000 00519nam a2200193Ia 4500
001 7609
003 IN-NITTTR
005 20251114233030.0
008 251113s9999||||xx |||||||||||||| ||eng||
040 _beng
040 _cIN-NITTTR
041 _aeng
082 _a547 R541O
100 _aRoberts, John D.
245 0 _aOrganic chemistry :
_b methane to macromolecules. /
_cRoberts, John D., Stewart, Ross, Caserio, Marjorie C.
700 _a Caserio, Marjorie C.
700 _a Stewart, Ross
942 _2ddc
_cBK
999 _c10247
_d10247